Score 0/13 Timer 06:00
0 Plays Today
Season Name % Correct
3. San FranciscoDavid 'Puck' Rainey
76%
22. CancunJoey Rozmus
72%
20. HollywoodJoey Kovar
72%
14. San DiegoFrankie Abernathy
55.3%
2. Los AngelesDavid Edwards
49.4%
22. Cancun *Bronne Bruzgo
48.7%
2. Los AngelesIrene Barrera
46.2%
7. SeattleIrene McGee
46.2%
19. SydneyShauvon Torres
45.5%
20. HollywoodGreg Halstead
41.2%
19. SydneyTrisha Cummings
39.2%
5. MiamiMelissa Padron
28.1%
8. HawaiiJustin Deabler
27.6%

You're not logged in!

Compare scores with friends on all Sporcle quizzes.
OR
Log In

Sporcle TV

Today on Sporcle TV


Watch our educational content, quiz creation guides, and fun videos on Sporcle TV.

Show Comments

Extras

Top Quizzes Today


Score Distribution

Paid Content

Your Account Isn't Verified!

In order to create a playlist on Sporcle, you need to verify the email address you used during registration. Go to your Sporcle Settings to finish the process.

Report this User

Report this user for behavior that violates our Community Guidelines.

Details: